000
00240nam a2200097Ia 4500
008
190216s9999||||xx |||||||||||||| ||und||
100
_a
Sundaram K P M
245
0
_a
Text Book Of Economic Theory
260
_b
Ratan Prakashan Mandir
942
_c
BK
999
_c
9253
_d
9253